[Event "9. Open International Championship of V"]
[Site "Novi Sad - Ribarac 4"]
[Date "2018.07.25"]
[Round "6.13"]
[White "Winkelman, Albert"]
[Black "Rogac, Srdjan"]
[Result "1/2-1/2"]
[WhiteElo "2210"]
[BlackElo "2317"]
[PlyCount "98"]
[EventDate "2018.07.22"]

1. d4 c6 2. e4 d5 3. Nc3 dxe4 4. Nxe4 Bf5 5. Ng3 Bg6 6. Nh3 Nf6 7. c3 e6 8. Nf4
Nd5 9. h4 Nxf4 10. Bxf4 h6 11. h5 Bh7 12. Bd3 Bxd3 13. Qxd3 Nd7 14. Ne4 Nf6 15.
Nxf6+ gxf6 16. O-O-O Qa5 17. Kb1 O-O-O 18. g4 Bd6 19. Qe3 Bxf4 20. Qxf4 Qg5 21.
Qxg5 fxg5 22. Rhe1 Kd7 23. Kc2 Rhf8 24. c4 Kd6 25. Re3 f5 26. Rde1 Rde8 27. f3
fxg4 28. fxg4 Rf4 29. Re4 Rxe4 30. Rxe4 Rf8 31. Kd3 Rf2 32. Re2 Rf4 33. Re4 Rf1
34. c5+ Kd7 35. a4 a5 36. b3 Rb1 37. Kc2 Rg1 38. Kc3 Rg3+ 39. Kc4 Rg1 40. Kc3
Ke7 41. b4 Rg3+ 42. Kc4 axb4 43. Kxb4 Rd3 44. Ka5 Kd7 45. Kb6 Rb3+ 46. Ka5 Rd3
47. Kb6 Rb3+ 48. Ka5 Rd3 49. Kb6 Rb3+ 1/2-1/2

[Event "9. Open International Championship of V"]
[Site "Novi Sad - Ribarac 4"]
[Date "2018.07.25"]
[Round "6.14"]
[White "Milosevic, Milos"]
[Black "Rutesic, Vuk"]
[Result "1-0"]
[WhiteElo "2315"]
[BlackElo "2157"]
[PlyCount "65"]
[EventDate "2018.07.22"]

1. e4 e6 2. d4 d5 3. Nd2 Be7 4. e5 c5 5. Qg4 Kf8 6. dxc5 Nc6 7. Ngf3 h5 8. Qg3
h4 9. Qf4 g5 10. Qe3 Nh6 11. h3 b6 12. cxb6 axb6 13. Bd3 Nb4 14. Nb3 Ba6 15.
Nfd4 Bxd3 16. cxd3 Bc5 17. Qe2 Rg8 18. O-O Rg6 19. Bd2 Qd7 20. Rfc1 Na6 21. a4
Bxd4 22. Nxd4 Nf5 23. Nxf5 exf5 24. a5 bxa5 25. Rxa5 Kg7 26. Qf3 g4 27. hxg4
fxg4 28. Qxd5 Qe8 29. e6 Rxe6 30. Qh5 Rg6 31. Rg5 f6 32. Rxg4 Rd8 33. Qh6+ 1-0

[Event "9. Open International Championship of V"]
[Site "Novi Sad - Ribarac 4"]
[Date "2018.07.25"]
[Round "6.15"]
[White "Ujhazi, Ivan"]
[Black "Parezanin, Darko"]
[Result "1-0"]
[WhiteElo "2132"]
[BlackElo "2265"]
[PlyCount "54"]
[EventDate "2018.07.22"]

1. e4 c5 2. Nf3 d6 3. c3 Nf6 4. h3 Nbd7 5. Bd3 b6 6. O-O Bb7 7. Re1 g6 8. Bc2
Bg7 9. d4 O-O 10. Bg5 Qc7 11. Nbd2 cxd4 12. cxd4 Rac8 13. Rc1 e6 14. Nf1 Qb8
15. Qd2 Qa8 16. Ng3 Rc7 17. Bf4 e5 18. dxe5 dxe5 19. Nxe5 Nxe5 20. Bxe5 Re7 21.
Bc3 Rd8 22. Qf4 Qb8 23. Qh4 Re6 24. Bb3 Rc6 25. Rcd1 Rdc8 26. e5 Rxc3 27. bxc3
Ne8 1-0

[Event "9. Open International Championship of V"]
[Site "Novi Sad - Ribarac 4"]
[Date "2018.07.25"]
[Round "6.16"]
[White "Dragojlovic, Andjelko"]
[Black "Hasman, Cengiz"]
[Result "1-0"]
[WhiteElo "2262"]
[BlackElo "2141"]
[PlyCount "165"]
[EventDate "2018.07.22"]

1. e4 Nf6 2. Nc3 e5 3. Bc4 c6 4. d4 Bb4 5. dxe5 Nxe4 6. Qd4 d5 7. exd6 O-O 8.
Be3 Nxc3 9. bxc3 Bxd6 10. Nf3 c5 11. Qd3 Qf6 12. O-O Nc6 13. Bg5 Qg6 14. Qxg6
hxg6 15. Rfe1 Bg4 16. Rad1 Be5 17. Rd3 Bf6 18. Bf4 Rfe8 19. Rde3 Rxe3 20. Rxe3
Rd8 21. h3 Bf5 22. Ng5 Bxg5 23. Bxg5 Rd7 24. Re8+ Kh7 25. Be3 Rd1+ 26. Kh2 Bd7
27. Rf8 Ne5 28. Bxf7 Nxf7 29. Rxf7 Kg8 30. Re7 b6 31. Bf4 Kf8 32. Re2 a6 33.
Bc7 b5 34. Bb6 Rd5 35. g4 Kf7 36. f4 Be6 37. a3 Bc8 38. Kg3 Be6 39. Kf3 Bc8 40.
Ke3 Bb7 41. Re1 Bc6 42. Rb1 c4 43. Bd4 Rd8 44. Kf2 Rh8 45. Kg3 Re8 46. Rd1 Re2
47. h4 Be4 48. Be5 Re3+ 49. Kf2 Rf3+ 50. Ke2 Rh3 51. Rd7+ Ke8 52. Rxg7 Rxh4 53.
g5 Rh3 54. Ra7 Bxc2 55. Rxa6 Bd3+ 56. Kf2 Rh2+ 57. Ke3 Kd7 58. Kd4 Rb2 59. Kd5
Kc8 60. Ra7 Rb3 61. Ke6 Bf5+ 62. Ke7 Rb1 63. Rc7+ Kb8 64. Rxc4+ Kb7 65. Rc5 Rb3
66. Bd4 Bd3 67. f5 Bxf5 68. Kd6 Bd3 69. Rc7+ Kb8 70. Bc5 Be4 71. Re7 Bb7 72.
Bb4 Rb1 73. Re8+ Ka7 74. Bc5+ Ka6 75. Re6 Bc8 76. Rxg6 Ka5 77. Rg8 Bb7 78. Rg7
Rd1+ 79. Bd4 Ka6 80. g6 Rd3 81. Re7 Rg3 82. g7 Rg6+ 83. Re6 1-0

[Event "9. Open International Championship of V"]
[Site "Novi Sad - Ribarac 4"]
[Date "2018.07.25"]
[Round "6.17"]
[White "Zegarac, Vuk"]
[Black "Tugstumur, Yesuntumur"]
[Result "0-1"]
[WhiteElo "2257"]
[BlackElo "2116"]
[PlyCount "116"]
[EventDate "2018.07.22"]

1. d4 Nf6 2. Nf3 g6 3. Bg5 Bg7 4. Nbd2 O-O 5. c3 d6 6. e4 c5 7. dxc5 dxc5 8.
Be2 Nc6 9. O-O Qc7 10. h3 b6 11. Qc2 Bb7 12. Rfe1 h6 13. Be3 Rfd8 14. Bf1 Ne5
15. Nxe5 Qxe5 16. f4 Qe6 17. Bf2 Qd6 18. Be3 Qc6 19. e5 Nh5 20. Nf3 Ng3 21. Qf2
Nxf1 22. Qxf1 Rd7 23. a4 Rad8 24. a5 Rd3 25. axb6 axb6 26. Qf2 Qb5 27. e6 f5
28. Nh4 Kh7 29. Ra7 Rb8 30. Qe2 Bf6 31. Nf3 Bxf3 32. gxf3 Rbd8 33. Kg2 Qb3 34.
Bd4 cxd4 35. Qxd3 Qxb2+ 36. Re2 Qxc3 37. Rd2 Qxd3 38. Rxd3 Rd6 39. Rb7 Rxe6 40.
Rb3 Re2+ 41. Kf1 Rh2 42. R3xb6 Kg7 43. Rb5 Rxh3 44. Kg2 Rh4 45. Kg3 Rh1 46. Rb1
Rxb1 47. Rxb1 g5 48. Rb5 Kg6 49. Rd5 gxf4+ 50. Kxf4 e5+ 51. Kg3 h5 52. Rd7 h4+
53. Kh3 Kg5 54. Rd6 e4 55. f4+ Kxf4 56. Rxf6 d3 57. Kg2 d2 58. Rd6 Ke3 0-1

[Event "9. Open International Championship of V"]
[Site "Novi Sad - Ribarac 4"]
[Date "2018.07.25"]
[Round "6.18"]
[White "Ninov, Dayan"]
[Black "Liu, Xi"]
[Result "1-0"]
[WhiteElo "2229"]
[BlackElo "2099"]
[PlyCount "83"]
[EventDate "2018.07.22"]

1. d4 d6 2. e4 g6 3. Nc3 Bg7 4. h3 c6 5. a4 a5 6. Be3 Qc7 7. g4 Nf6 8. Bg2 Na6
9. Nge2 e5 10. O-O O-O 11. f4 Nd7 12. dxe5 dxe5 13. f5 Re8 14. Ng3 Bf8 15. Qf3
Ndc5 16. Rf2 b6 17. Bf1 Nb4 18. Bc4 Ba6 19. Nb5 cxb5 20. axb5 g5 21. bxa6 Ncxa6
22. Bb5 Nxc2 23. Rc1 Nd4 24. Qd1 Nc5 25. Bxe8 Rxe8 26. Bxg5 Qb7 27. Qf1 Be7 28.
Bxe7 Qxe7 29. f6 Qd7 30. Qe1 Rd8 31. Qe3 Nde6 32. Nf5 Qd3 33. Re1 Nf4 34. Kh2
Nce6 35. Ne7+ Kf8 36. Nd5 Qxe3 37. Rxe3 Nxd5 38. exd5 Rxd5 39. Rf5 Nd4 40. Rh5
Kg8 41. Kg3 Nc6 42. Rc3 1-0

[Event "9. Open International Championship of V"]
[Site "Novi Sad - Ribarac 4"]
[Date "2018.07.25"]
[Round "6.19"]
[White "Mehandzic, Georgije"]
[Black "Omorjan, Dejan"]
[Result "0-1"]
[WhiteElo "2066"]
[BlackElo "2292"]
[PlyCount "56"]
[EventDate "2018.07.22"]

1. d4 Nf6 2. Nf3 g6 3. b3 Bg7 4. Bb2 O-O 5. Nbd2 c5 6. e3 d6 7. Be2 Nfd7 8. O-O
Nc6 9. Rb1 cxd4 10. Nxd4 Nxd4 11. exd4 Nb6 12. Bf3 d5 13. Re1 Bf5 14. Rc1 Rc8
15. c4 dxc4 16. Nxc4 Nxc4 17. Rxc4 Qd6 18. Ra4 b5 19. Rxa7 Rc2 20. Re2 Rxb2 21.
Rxb2 Qxd4 22. Qxd4 Bxd4 23. Rb7 Bxb2 24. Rxb5 Rc8 25. g4 Bd3 26. Rd5 Rc1+ 27.
Kg2 Bf1+ 28. Kg3 Rc3 0-1

[Event "9. Open International Championship of V"]
[Site "Novi Sad - Ribarac 4"]
[Date "2018.07.25"]
[Round "6.20"]
[White "Kacar, Darko"]
[Black "Svicevic, Rastko"]
[Result "0-1"]
[WhiteElo "2130"]
[BlackElo "2247"]
[PlyCount "128"]
[EventDate "2018.07.22"]

1. e4 c5 2. Nf3 Nc6 3. d4 cxd4 4. Nxd4 e5 5. Nb5 d6 6. N1c3 a6 7. Na3 Be6 8.
Nd5 Be7 9. Bc4 b5 10. Bb3 Nf6 11. Be3 O-O 12. Nxf6+ Bxf6 13. Qd3 Qa5+ 14. c3
Rfd8 15. O-O Rd7 16. Bd5 Rc8 17. Rfd1 g6 18. Nc2 Bxd5 19. Qxd5 Ne7 20. Qb3 Rc4
21. f3 d5 22. Na3 Rc8 23. exd5 Qd8 24. Rd2 Rxd5 25. Rad1 Rxd2 26. Rxd2 Qc7 27.
Qd1 Nf5 28. Bf2 h5 29. Nc2 Bg5 30. Rd7 Qc4 31. Qd5 Qxd5 32. Rxd5 Bc1 33. b3
Rxc3 34. Nb4 Ba3 35. Nd3 Nd4 36. Ne1 Nc6 37. h3 Kg7 38. Kh2 Kf6 39. Rd2 Ke6 40.
Re2 Bc1 41. Nc2 Kd5 42. Be1 Rd3 43. Bf2 f5 44. h4 Rd2 45. Ne3+ Kd6 46. Rxd2+
Bxd2 47. Nc2 Nb4 48. Nxb4 Bxb4 49. Ba7 Kd5 50. g4 f4 51. Kg2 Be1 52. gxh5 gxh5
53. Kh3 a5 54. Bb6 a4 55. Ba7 axb3 56. axb3 Bb4 57. Kg2 Bc5 58. Bb8 Be7 59. Kh3
Kd4 60. Bc7 b4 61. Kg2 Bf6 62. Kf1 Ke3 63. Kg2 Ke2 64. Bd6 e4 0-1

[Event "9. Open International Championship of V"]
[Site "Novi Sad - Ribarac 4"]
[Date "2018.07.26"]
[Round "7.1"]
[White "Pastar, Slaven"]
[Black "Batsuren, Dambasuren"]
[Result "1-0"]
[WhiteElo "2262"]
[BlackElo "2321"]
[PlyCount "115"]
[EventDate "2018.07.22"]

1. d4 Nf6 2. c4 e6 3. Nc3 Bb4 4. e3 O-O 5. Bd3 d5 6. cxd5 exd5 7. Nge2 b6 8.
O-O Re8 9. Ng3 Bb7 10. Bd2 Bf8 11. Rc1 c5 12. Nh5 Nbd7 13. Nf4 Bd6 14. Qf3 Ne4
15. Be1 cxd4 16. exd4 Qg5 17. g3 Ndf6 18. Nb5 Bf8 19. Qd1 Rac8 20. Rxc8 Rxc8
21. f3 a6 22. Na3 Nd6 23. h4 Qh6 24. Bd2 Nfe4 25. fxe4 dxe4 26. Be2 Re8 27. Nc4
Nf5 28. Ng2 e3 29. Rxf5 exd2 30. Bf3 Qg6 31. Rf4 Qxg3 32. Nxd2 Bd6 33. Nf1 Qh3
34. Bxb7 Bxf4 35. Nxf4 Qxh4 36. Qf3 g5 37. Ne2 g4 38. Qg3 Qg5 39. Qf4 Qxf4 40.
Nxf4 Kg7 41. Ng3 Kf6 42. Ne4+ Ke7 43. d5 Kd8 44. d6 Re5 45. Kf2 Kd7 46. Ke3 f5
47. Kd4 Ra5 48. Nd2 Rxa2 49. Bd5 Rxb2 50. Nc4 Rb4 51. Be6+ Kd8 52. Kc3 Rb5 53.
Kd4 Rb4 54. Nd5 Rb1 55. Ne5 Rd1+ 56. Kc3 Rxd5 57. Bxd5 g3 58. Bc6 1-0

[Event "9. Open International Championship of V"]
[Site "Novi Sad - Ribarac 4"]
[Date "2018.07.26"]
[Round "7.4"]
[White "Sharavdorj, Dashzegve"]
[Black "Nomin-Erdene, Davaademberel"]
[Result "1/2-1/2"]
[WhiteElo "2403"]
[BlackElo "2371"]
[PlyCount "20"]
[EventDate "2018.07.22"]

1. d4 d5 2. c4 c6 3. cxd5 cxd5 4. Nc3 Nf6 5. Nf3 Nc6 6. Bf4 a6 7. e3 Bf5 8. Bd3
Bxd3 9. Qxd3 e6 10. O-O Bd6 1/2-1/2

[Event "9. Open International Championship of V"]
[Site "Novi Sad - Ribarac 4"]
[Date "2018.07.26"]
[Round "7.5"]
[White "Li, Hong"]
[Black "Pratyusha, Bodda"]
[Result "0-1"]
[WhiteElo "2365"]
[BlackElo "2244"]
[PlyCount "94"]
[EventDate "2018.07.22"]

1. d4 d5 2. c4 e6 3. Nc3 a6 4. cxd5 exd5 5. Nf3 Nf6 6. Bg5 Be6 7. e3 Nbd7 8.
Bd3 h6 9. Bh4 g5 10. Bg3 Nh5 11. Be5 Ng7 12. h3 c6 13. Qc2 Nxe5 14. Nxe5 Bd6
15. O-O Qc7 16. e4 Bxe5 17. dxe5 d4 18. Nd5 Qxe5 19. f4 gxf4 20. Nxf4 O-O 21.
Rae1 Rae8 22. b4 a5 23. a3 axb4 24. axb4 Qd6 25. Qd2 Bd7 26. Bc4 Re5 27. Nd3
Rg5 28. e5 Qc7 29. h4 Rg6 30. Rf6 Be6 31. Bxe6 Nxe6 32. Ref1 Qd7 33. h5 Rg3 34.
Rxh6 Qd5 35. Qe2 Ng5 36. Rd6 Qc4 37. Rd1 Ra8 38. Nf4 d3 39. Qf2 Nf3+ 40. Kf1
Qxf4 41. R6xd3 Nh2+ 42. Kg1 Qxf2+ 43. Kxf2 Rxd3 44. Rxd3 Ng4+ 45. Kg3 Nxe5 46.
Re3 f6 47. Kf4 Kg7 0-1

[Event "9. Open International Championship of V"]
[Site "Novi Sad - Ribarac 4"]
[Date "2018.07.26"]
[Round "7.6"]
[White "Mitev, Valentin"]
[Black "Danchevski, Orce"]
[Result "1/2-1/2"]
[WhiteElo "2242"]
[BlackElo "2353"]
[PlyCount "45"]
[EventDate "2018.07.22"]

1. d4 d5 2. c4 e6 3. Nc3 Nf6 4. cxd5 exd5 5. Bg5 c6 6. e3 Be7 7. Bxf6 Bxf6 8.
Bd3 O-O 9. Nge2 Re8 10. O-O Nd7 11. b4 a6 12. a4 Be7 13. b5 Nf6 14. bxa6 bxa6
15. Ng3 Bd6 16. Qc2 a5 17. e4 Bxg3 18. hxg3 dxe4 19. Nxe4 Qxd4 20. Qxc6 Be6 21.
Nxf6+ Qxf6 22. Rab1 g6 23. Qb6 1/2-1/2

[Event "9. Open International Championship of V"]
[Site "Novi Sad - Ribarac 4"]
[Date "2018.07.26"]
[Round "7.7"]
[White "Raja, Rithvik R"]
[Black "Ninov, Dayan"]
[Result "1-0"]
[WhiteElo "2343"]
[BlackElo "2229"]
[PlyCount "67"]
[EventDate "2018.07.22"]

1. d4 g6 2. Nf3 Bg7 3. c4 c5 4. e4 cxd4 5. Nxd4 Nc6 6. Be3 Nf6 7. Nc3 O-O 8.
Be2 d6 9. O-O Nxd4 10. Bxd4 Bd7 11. f3 Bc6 12. Qd2 Nd7 13. Be3 a5 14. b3 Nc5
15. Rab1 Qb6 16. Rfc1 Rfc8 17. Kh1 Qd8 18. Rc2 h5 19. a3 Kh7 20. b4 axb4 21.
axb4 Na4 22. Nd5 Bxd5 23. exd5 Nb6 24. f4 Ra3 25. Bd4 Bxd4 26. Qxd4 Rca8 27. h3
R8a4 28. Bd3 Nd7 29. Re2 Qb6 30. Bxg6+ Kxg6 31. Qh8 Nf6 32. f5+ Kxf5 33. Rf1+
Kg6 34. Rxe7 1-0

[Event "9. Open International Championship of V"]
[Site "Novi Sad - Ribarac 4"]
[Date "2018.07.26"]
[Round "7.8"]
[White "Banovic, Ivan"]
[Black "Budisavljevic, Luka"]
[Result "0-1"]
[WhiteElo "2224"]
[BlackElo "2324"]
[PlyCount "54"]
[EventDate "2018.07.22"]

1. d4 Nf6 2. c4 a6 3. Qc2 c5 4. d5 d6 5. e4 e6 6. Nc3 g6 7. Be2 Bg7 8. Nf3 exd5
9. cxd5 b5 10. a4 b4 11. Nd1 Bg4 12. h3 Bxf3 13. Bxf3 Qe7 14. O-O Nfd7 15. Ne3
O-O 16. Bd2 Re8 17. Rfe1 Bd4 18. Rad1 Ne5 19. Be2 Qh4 20. Rf1 h5 21. Rde1 Nbd7
22. b3 Nf6 23. f3 Qg3 24. Bd1 Kg7 25. Re2 h4 26. Be1 Qf4 27. Kh1 Bxe3 0-1

[Event "9. Open International Championship of V"]
[Site "Novi Sad - Ribarac 4"]
[Date "2018.07.26"]
[Round "7.9"]
[White "Tugstumur, Yesuntumur"]
[Black "Milosevic, Milos"]
[Result "1/2-1/2"]
[WhiteElo "2116"]
[BlackElo "2315"]
[PlyCount "91"]
[EventDate "2018.07.22"]

1. d4 f5 2. g3 Nf6 3. Bg2 g6 4. Nf3 Bg7 5. b3 O-O 6. Bb2 d6 7. O-O c6 8. c4 a5
9. Qc2 Na6 10. Nbd2 Qc7 11. a3 Re8 12. e4 fxe4 13. Nxe4 Bf5 14. Nxf6+ exf6 15.
Qd2 Be4 16. Bc3 a4 17. bxa4 Qf7 18. Qd1 f5 19. Nd2 c5 20. Nxe4 fxe4 21. Rc1
Qxc4 22. Re1 cxd4 23. Bxe4 Nc5 24. Bb4 Qf7 25. Bxc5 dxc5 26. Rxc5 Kh8 27. Rb5
Rf8 28. f3 Ra7 29. Qb3 Qxb3 30. Rxb3 Rxa4 31. Bxb7 Ra7 32. Bc6 Rc7 33. Re6 Rfc8
34. Be4 Bf8 35. a4 Rc1+ 36. Kg2 R1c3 37. Rb7 d3 38. Rd7 Ra3 39. h4 Ra2+ 40. Kh3
d2 41. h5 Rc7 42. Rd8 Rc8 43. Rd7 Rc7 44. Rd8 Rc8 45. Rd7 Rc7 46. Rd8 1/2-1/2

[Event "9. Open International Championship of V"]
[Site "Novi Sad - Ribarac 4"]
[Date "2018.07.26"]
[Round "7.10"]
[White "Mikheev, Stanislav"]
[Black "Dragojlovic, Andjelko"]
[Result "1/2-1/2"]
[WhiteElo "2291"]
[BlackElo "2262"]
[PlyCount "29"]
[EventDate "2018.07.22"]

1. Nf3 g6 2. g3 Bg7 3. Bg2 Nf6 4. b3 O-O 5. Bb2 c5 6. c4 Nc6 7. O-O d6 8. d4
cxd4 9. Nxd4 Bd7 10. Nc3 a6 11. Rc1 Qa5 12. Qd2 Nxd4 13. Qxd4 Bc6 14. Bxc6 bxc6
15. Rfd1 1/2-1/2

[Event "9. Open International Championship of V"]
[Site "Novi Sad - Ribarac 4"]
[Date "2018.07.26"]
[Round "7.12"]
[White "Jocev, Milan"]
[Black "Ujhazi, Ivan"]
[Result "1-0"]
[WhiteElo "2256"]
[BlackElo "2132"]
[PlyCount "59"]
[EventDate "2018.07.22"]

1. d4 d5 2. Nf3 e6 3. c4 c6 4. Qc2 f5 5. Bf4 Nf6 6. e3 Be7 7. Nc3 O-O 8. Bd3
Ne4 9. g4 Na6 10. a3 Qa5 11. Ke2 Nxc3+ 12. bxc3 Bd7 13. Ne5 Be8 14. gxf5 Bh5+
15. f3 dxc4 16. Bxc4 Nc7 17. Rab1 Nd5 18. Bxd5 exd5 19. Kf2 Qa6 20. Rhg1 b5 21.
Bh6 Bh4+ 22. Ke2 b4+ 23. c4 b3 24. Rxb3 dxc4 25. Rxg7+ Kh8 26. Rbb7 c3+ 27. Qd3
Qxd3+ 28. Kxd3 Rf6 29. Rxh7+ Kg8 30. Rbg7+ 1-0

[Event "9. Open International Championship of V"]
[Site "Novi Sad - Ribarac 4"]
[Date "2018.07.26"]
[Round "7.13"]
[White "Hirneise, Jens"]
[Black "Copic, Branko"]
[Result "1/2-1/2"]
[WhiteElo "2379"]
[BlackElo "2167"]
[PlyCount "95"]
[EventDate "2018.07.22"]

1. e4 c5 2. Nf3 d6 3. Nc3 Nf6 4. d4 cxd4 5. Nxd4 g6 6. Bg5 Bg7 7. Bb5+ Bd7 8.
Qe2 a6 9. Bxd7+ Nbxd7 10. O-O O-O 11. Rad1 h6 12. Bxf6 Bxf6 13. Nd5 Bg7 14. c3
Rc8 15. f4 e6 16. Ne3 Re8 17. Nf3 Qc7 18. g3 Qc6 19. Ng4 h5 20. Nf2 Nc5 21. Ng5
b5 22. g4 hxg4 23. Qxg4 Nd7 24. Qh4 Nf8 25. Rd3 f6 26. Nf3 Rc7 27. Rfd1 Rd7 28.
Qg3 a5 29. Nh4 Kf7 30. Nf3 b4 31. Qh3 bxc3 32. Rxc3 Qb6 33. b3 Rc7 34. Rxc7+
Qxc7 35. e5 dxe5 36. fxe5 f5 37. Qg3 Rd8 38. Rxd8 Qxd8 39. Qf4 Qd5 40. Nh3 Nd7
41. Nhg5+ Kf8 42. Nd4 Nc5 43. Ngf3 Nd3 44. Qh4 Nxe5 45. Ng5 Ke8 46. Ngxe6 Kf7
47. Qd8 Qxd8 48. Nxd8+ 1/2-1/2

[Event "9. Open International Championship of V"]
[Site "Novi Sad - Ribarac 4"]
[Date "2018.07.26"]
[Round "7.14"]
[White "Rogac, Srdjan"]
[Black "Otawa, Yuto"]
[Result "1/2-1/2"]
[WhiteElo "2317"]
[BlackElo "2140"]
[PlyCount "66"]
[EventDate "2018.07.22"]

1. c4 c5 2. Nc3 Nc6 3. g3 g6 4. Bg2 Bg7 5. a3 d6 6. Rb1 e6 7. b4 Nge7 8. Nf3
O-O 9. O-O b6 10. e3 Bb7 11. d4 Rc8 12. Nb5 a6 13. dxc5 axb5 14. cxb5 dxc5 15.
bxc6 Bxc6 16. bxc5 bxc5 17. Bb2 Bxb2 18. Rxb2 Qa5 19. Qa1 Be4 20. Ne5 Bxg2 21.
Kxg2 c4 22. Rc2 f6 23. Nf3 Kf7 24. Rfc1 Qd5 25. Qd4 Nf5 26. Qa7+ Ne7 27. Rd2
Qc5 28. Rd7 Qxa7 29. Rxa7 Ra8 30. Rxa8 Rxa8 31. Rxc4 Rxa3 32. g4 g5 33. h4 h6
1/2-1/2

[Event "9. Open International Championship of V"]
[Site "Novi Sad - Ribarac 4"]
[Date "2018.07.26"]
[Round "7.15"]
[White "Omorjan, Dejan"]
[Black "Ilijc, Milan"]
[Result "0-1"]
[WhiteElo "2292"]
[BlackElo "2122"]
[PlyCount "96"]
[EventDate "2018.07.22"]

1. d4 c5 2. d5 Nf6 3. c4 g6 4. Nc3 Bg7 5. e4 d6 6. Be2 O-O 7. Nf3 Na6 8. O-O
Nc7 9. h3 a6 10. a4 b6 11. Bf4 Nd7 12. Qc2 Rb8 13. Bh2 Ne5 14. Nxe5 Bxe5 15. f4
Bd4+ 16. Kh1 e6 17. Bf3 exd5 18. cxd5 b5 19. g4 f5 20. gxf5 gxf5 21. e5 b4 22.
Ne2 b3 23. Qd2 Rb4 24. Nxd4 Rxd4 25. Qe2 Bb7 26. Rad1 Re8 27. Rxd4 cxd4 28.
Qg2+ Kh8 29. e6 Rg8 30. Qd2 Qh4 31. Qxd4+ Rg7 32. Rg1 Ne8 33. Rxg7 Nxg7 34. Qa7
Qe7 35. Qb8+ Ne8 36. Bg1 Kg7 37. Bd4+ Kf8 38. Kh2 Qc7 39. Qa7 Ke7 40. Bf2 Kf8
41. Qd4 Qg7 42. Qd2 Qc7 43. Bg2 Qc4 44. Bd4 Nc7 45. Qf2 Bxd5 46. Bf6 Bxg2 47.
e7+ Kf7 48. Qh4 Qe2 0-1

[Event "9. Open International Championship of V"]
[Site "Novi Sad - Ribarac 4"]
[Date "2018.07.26"]
[Round "7.16"]
[White "Svicevic, Rastko"]
[Black "Altantuya, Boldbaatar"]
[Result "0-1"]
[WhiteElo "2247"]
[BlackElo "2060"]
[PlyCount "106"]
[EventDate "2018.07.22"]

1. d4 Nf6 2. Bg5 c5 3. d5 Ne4 4. Bc1 d6 5. f3 Nf6 6. e4 g6 7. Be3 Bg7 8. Nc3
O-O 9. Qd2 a6 10. a4 Nbd7 11. g4 h5 12. h3 Kh7 13. f4 Rb8 14. Nf3 b5 15. e5 b4
16. Nd1 dxe5 17. fxe5 Nxd5 18. gxh5 Nxe5 19. Ng5+ Kg8 20. Bxc5 Bb7 21. Bg2 Bh6
22. Qd4 Bxg5 23. Qxe5 Bf4 24. Qd4 e5 25. Qf2 Re8 26. hxg6 fxg6 27. c4 Nf6 28.
Bxb7 Rxb7 29. Be3 Ne4 30. Qg2 Bg3+ 31. Ke2 Qh4 32. Qf3 Nc3+ 33. bxc3 Qxc4+ 34.
Kd2 Rd7+ 35. Kc1 Rxd1+ 36. Qxd1 Qxc3+ 37. Kb1 Qxe3 38. Ra2 Bf4 39. Qd5+ Kh8 40.
Rc2 e4 41. Qf7 Rg8 42. Rd1 Be5 43. Qd5 Bg7 44. Qd2 Qb3+ 45. Rb2 Qxb2+ 46. Qxb2
Bxb2 47. Kxb2 Re8 48. a5 e3 49. Kb3 e2 50. Re1 Kh7 51. Kxb4 Kh6 52. Kc5 Kh5 53.
Kb6 Re6+ 0-1

[Event "9. Open International Championship of V"]
[Site "Novi Sad - Ribarac 4"]
[Date "2018.07.26"]
[Round "7.17"]
[White "Toncheva, Nadya"]
[Black "Winkelman, Albert"]
[Result "0-1"]
[WhiteElo "1975"]
[BlackElo "2210"]
[PlyCount "50"]
[EventDate "2018.07.22"]

1. d4 Nf6 2. c4 e6 3. Nc3 Bb4 4. e3 d5 5. Bd3 c5 6. cxd5 exd5 7. a3 Bxc3+ 8.
bxc3 O-O 9. Ne2 b6 10. O-O Ba6 11. Nf4 Bxd3 12. Nxd3 c4 13. Nf4 Nc6 14. f3 Re8
15. Ra2 Qd7 16. Re1 Qf5 17. Rae2 Re7 18. g4 Qg5 19. Rg2 h6 20. h4 Qxh4 21. g5
hxg5 22. Rh2 Qg3+ 23. Kh1 g4 24. Rf1 Rae8 25. Qd2 Rxe3 0-1

[Event "9. Open International Championship of V"]
[Site "Novi Sad - Ribarac 4"]
[Date "2018.07.26"]
[Round "7.19"]
[White "Jovanovic, Milenko"]
[Black "Zhukov, Anton"]
[Result "0-1"]
[WhiteElo "2198"]
[BlackElo "2046"]
[PlyCount "152"]
[EventDate "2018.07.22"]

1. d4 Nf6 2. c4 e6 3. Nc3 Bb4 4. Qc2 O-O 5. a3 Bxc3+ 6. Qxc3 b6 7. f3 d5 8. Bg5
c6 9. e3 h6 10. Bh4 Nbd7 11. Bd3 Bb7 12. Ne2 Rc8 13. O-O dxc4 14. Bxc4 c5 15.
Rac1 Qe7 16. dxc5 Qxc5 17. Qd4 Qe7 18. e4 e5 19. Qe3 Ng4 20. fxg4 Qxh4 21. h3
Qe7 22. Ng3 Nc5 23. Nf5 Qf6 24. Bd5 Ba6 25. Rfd1 Ne6 26. Rxc8 Rxc8 27. Rc1 Nf4
28. Kh2 Rxc1 29. Qxc1 g6 30. Ng3 Qd6 31. Ba2 Kg7 32. b4 Bb5 33. Qc3 Qd4 34. Qc7
Bd7 35. Qc2 Qe3 36. Bb3 Be6 37. Bxe6 Nxe6 38. a4 Qf4 39. Qd3 Nd4 40. Kg1 Qc1+
41. Nf1 Qb2 42. Qc4 Ne2+ 43. Kh2 Nf4 44. Ne3 Qd2 45. Qb3 Ne2 46. Nd5 Qd4 47.
Qe3 Qxe3 48. Nxe3 Nc3 49. a5 bxa5 50. bxa5 Nxe4 51. Nd5 Nd6 52. Kg3 f5 53. gxf5
gxf5 54. Nb4 Kf6 55. Kf3 Ke6 56. g4 fxg4+ 57. hxg4 Nb5 58. Ke4 Nc3+ 59. Kd3 Nd5
60. Nc6 a6 61. Ke4 Nf6+ 62. Kf3 Nd7 63. Nd8+ Kf6 64. Nc6 Kg5 65. Nd8 e4+ 66.
Kg3 Nc5 67. Nf7+ Kg6 68. Nd6 e3 69. Kf3 Nb3 70. Kxe3 Nxa5 71. Ne4 Nc6 72. Kf4
a5 73. Nc3 Nd8 74. Kf3 Ne6 75. Nd5 a4 76. Nb4 a3 0-1

[Event "9. Open International Championship of V"]
[Site "Novi Sad - Ribarac 4"]
[Date "2018.07.26"]
[Round "7.20"]
[White "Rutesic, Vuk"]
[Black "Tosic, Miroslav"]
[Result "0-1"]
[WhiteElo "2157"]
[BlackElo "2388"]
[PlyCount "59"]
[EventDate "2018.07.22"]

1. d4 Nf6 2. Bf4 d5 3. e3 Bf5 4. c4 c6 5. Nc3 e6 6. Qb3 Qc8 7. cxd5 Nxd5 8.
Nxd5 exd5 9. Nf3 Nd7 10. a3 a5 11. Bd3 a4 12. Qc2 Bxd3 13. Qxd3 Be7 14. O-O O-O
15. Rac1 Nb6 16. Nd2 Qd7 17. h3 Nc8 18. Qc2 Re8 19. Rfd1 Bf8 20. Rb1 Bd6 21.
Bxd6 Nxd6 22. Rdc1 Re6 23. Nf3 Nc4 24. Nd2 b5 25. Nf3 Rae8 26. Qd1 Rg6 27. Kh1
Rh6 28. Qf1 Qf5 29. Rc3 g5 30. Qd3 0-1

[Event "9. Open International Championship of V"]
[Site "Novi Sad - Ribarac 4"]
[Date "2018.07.26"]
[Round "8.1"]
[White "Atalik, Suat"]
[Black "Pastar, Slaven"]
[Result "1-0"]
[WhiteElo "2509"]
[BlackElo "2262"]
[PlyCount "120"]
[EventDate "2018.07.22"]

1. d4 d5 2. c4 dxc4 3. e4 Nc6 4. Nf3 Bg4 5. d5 Ne5 6. Bf4 Ng6 7. Be3 Nf6 8.
Bxc4 Nxe4 9. h3 Bd7 10. O-O e5 11. dxe6 fxe6 12. Re1 Be7 13. Qb3 Nd6 14. Bxe6
Bxe6 15. Qxe6 Qd7 16. Qxd7+ Kxd7 17. Nc3 Bf6 18. Rac1 Ne7 19. Bf4 Rad8 20. Ne5+
Kc8 21. Ng4 Nc6 22. Nxf6 gxf6 23. Nd5 Rhf8 24. Ne7+ Kd7 25. Nxc6 bxc6 26. Rc2
Rb8 27. Be3 Rb5 28. Rec1 Nf5 29. Rxc6 Nxe3 30. Rxc7+ Kd6 31. R1c6+ Kd5 32. fxe3
Rxb2 33. Rc5+ Kd6 34. R7c6+ Kd7 35. Rc2 Rxc2 36. Rxc2 Rb8 37. Rc3 Rb1+ 38. Kh2
Rb5 39. Ra3 a5 40. Kg3 Ke6 41. Ra4 h6 42. Kf3 Kf5 43. Rf4+ Kg6 44. Rg4+ Kf7 45.
Rd4 Kg6 46. Rg4+ Kf7 47. Rc4 Rb2 48. a4 Ra2 49. g4 Ra1 50. h4 Rf1+ 51. Ke4 Ra1
52. h5 Ke6 53. Rc6+ Kf7 54. Ra6 Rxa4+ 55. Kf5 Ra1 56. Ra7+ Ke8 57. Kxf6 Rg1 58.
Kf5 Rf1+ 59. Ke6 Kf8 60. Rxa5 Re1 1-0